Les des morsures d'animaux les plus puissantes du monde - Statistiques

Statistiques générales
  • Ce quiz a été pris 2 310 fois
  • Le résultat moyen est 6 sur 10
Statistiques - réponses
TOP Puissance de morsure (homme= 20kg/cm²) RÉPONSE % Correct
10 Morsure de 400kg/cm² Lion
97%
9 Morsure de 500kg/cm² Tigre
90%
1 Morsure de 2000kg/cm² Crocodile
89%
2 Morsure de 1000kg/cm² Hippopotame
81%
3 Morsure de 950kg/cm² Hyène
64%
8 Morsure de 500kg/cm² Jaguar
57%
7 Morsure de 590kg/cm² Gorille
50%
4 Morsure de 850kg/cm² Ours Polaire
40%
5 Morsure de 800kg/cm² Ours brun
39%
6 Morsure de 600kg/cm² Requin bouledogue
37%
Aucun quiz correspondant
Distribution des résultats
% des personnes avec chaque résultat
Percentile par nombre de réponses
Votre historique - résultats
Vous n’avez pas pris ce quiz